000
00331nam a2200121 a 4500
005
20140414093847.0
008
100223s19uu xx uuu eng d
050
_a
CDB 909.21
_b
HER 2002
245
_a
The Heritage of World civilizations :
_b
vol. 1: to 1650.
650
_a
Civilizations
_x
History.
942
_c
AVM
999
_c
109638
_d
109638